000 00315nam a2200133Ia 4500
008 150201s2007 xx 000 0 und d
082 _a610
_bB10D
100 _aGOLDMAN,DAVID
245 _aCECIL MEDICINE-2
250 _a23RD
260 _bELSEVIER
_aDELHI
_c2007
650 _aMEDICINE AND DIAGNOSIS
942 _2ddc
_cBK
999 _c950
_d950